झपाटलेली झुंज (Record no. 1343169)

MARC details
000 -LEADER
fixed length control field 00597nam a2200181Ia 4500
008 - FIXED-LENGTH DATA ELEMENTS--GENERAL INFORMATION
fixed length control field 151202s9999||||xx |||||||||||||| ||und||
082 ## - DEWEY DECIMAL CLASSIFICATION NUMBER
Item number PNVM-76510
100 ## - MAIN ENTRY--PERSONAL NAME
Personal name नाईक गुरुनाथ
245 ## - TITLE STATEMENT
Title झपाटलेली झुंज
260 ## - PUBLICATION, DISTRIBUTION, ETC. (IMPRINT)
Name of publisher, distributor, etc "मनोरमा प्रकाशन,मुंबई"
260 ## - PUBLICATION, DISTRIBUTION, ETC. (IMPRINT)
Date of publication, distribution, etc 2015
300 ## - PHYSICAL DESCRIPTION
Extent 200
600 ## - SUBJECT ADDED ENTRY--PERSONAL NAME
Personal name नाईक गुरुनाथ
630 ## - SUBJECT ADDED ENTRY--UNIFORM TITLE
Uniform title झपाटलेली झुंज
700 ## - ADDED ENTRY--PERSONAL NAME
Personal name नाईक गुरुनाथ
730 ## - ADDED ENTRY--UNIFORM TITLE
Uniform title झपाटलेली झुंज
942 ## - ADDED ENTRY ELEMENTS (KOHA)
Koha item type Book
Holdings
Withdrawn status Lost status Damaged status Not for loan Home library Current library Date acquired Cost, normal purchase price Total Checkouts Full call number Barcode Date last seen Cost, replacement price Price effective from Koha item type
        Pune Nagar Vachan Mandir, Pune Pune Nagar Vachan Mandir, Pune 06/27/2015 225.00   PNVM-76510 PNVM-76510 12/02/2015 225.00 12/02/2015 Book